Statistiques concernant Ponts célèbres en France

Cliquez ici pour prendre le quiz!

Statistiques générales

  • Ce quiz a été pris 196 fois
  • Le résultat moyen est 7 sur 20

Statistiques - réponses

Réponse% Correct
Viaduc de Millau
91%
Pont du Gard
89%
Pont d'Avignon
73%
Pont de Normandie
58%
Pont Neuf
51%
Pont de l'île de Ré
44%
Pont de Saint-Nazaire
39%
Viaduc de Garabit
36%
Pont Alexandre III
35%
Pont Valentré
28%
Pont de pierre
27%
Viaduc d'Oléron
26%
Pont de Tancarville
25%
Pont des Arts
21%
Pont transbordeur de Rochefort
21%
Pont Gustave Flaubert
16%
Pont-canal de Briare
13%
Pont d'Aquitaine
13%
Pont de l'Iroise
9%
Pont de Brotonne
8%

Distribution des résultats

Percentile par nombre de réponses

% des personnes avec chaque résultat

Votre développement - résultats

Vous n’avez pas pris ce quiz